00554nam a22001817a 450000500170000001000150001702000260003203500140005803700090007208200130008110000210009424500680011525000060018326000410018927000880023030000280031870000260034620250827145053.0 aENG-146550 a9789367134276c580.00 aEN-130082 bDBAD a347.722 aAggarwal, Rashmi aLegal Aspects of Business/cRashmi Aggarwal [and] Rajinder Kaur a2 aNoidabPearson India Educationc2025 a15th Floor, Towe-B, World Trade Tower, Plot No.1, Block-C, Sector-16bNoidae201301 axxviii, 508p.c23cm(pb) aRajinder KaureAuthor